|
|
|
|
| LEADER |
01099ncm a2200337 a 4500 |
| 001 |
001081536 |
| 003 |
CZ BrMZK |
| 005 |
20181002132610.0 |
| 007 |
qu |
| 008 |
100106s2005 xr dfzeg nn zxx d |
| 024 |
2 |
|
|q (Volné listy v obalu)
|
| 028 |
3 |
1 |
|a DH 226
|b Michal Steranka
|
| 040 |
|
|
|a BOA001
|b cze
|
| 041 |
0 |
|
|a zxx
|g cze
|
| 072 |
|
7 |
|a 788
|x Hudba pro dechové nástroje
|2 Konspekt
|9 9
|
| 080 |
|
|
|a 785.12.085.2
|2 MRF
|
| 080 |
|
|
|a 785.12
|2 MRF
|
| 080 |
|
|
|a 78.087
|2 MRF
|
| 100 |
1 |
|
|a Orság, Antonín
|7 mzk2010611993
|4 cmp
|
| 240 |
1 |
0 |
|a Darovaná
|
| 245 |
1 |
0 |
|a Darovaná
|h [hudebnina] :
|b polka /
|c Antonín Orság
|
| 260 |
|
|
|a Křižanovice u Bučovic :
|b Michal Steranka,
|c c2005
|
| 300 |
|
|
|a 18 hlasů ;
|c 14 x 20 cm
|
| 490 |
1 |
|
|a Dechová hudba ;
|v DH 226
|
| 650 |
0 |
7 |
|a polky (dechový orchestr)
|7 ph451021
|2 czenas
|
| 650 |
0 |
7 |
|a dechová hudba
|7 ph119353
|2 czenas
|
| 830 |
|
0 |
|a Dechová hudba (Steranka)
|
| 910 |
|
|
|a BOA001
|b Mus1-1233.660
|
| 990 |
|
|
|a MU
|
| 991 |
|
|
|b 201001
|c NOV
|
| 996 |
6 |
|
|b 2610404978
|c Mus1-1233.660
|l MZK
|r Sklad / do 1 hodiny
|n 1
|p p.v.
|w 001103407
|u 000010
|a 1
|e BOA001
|j MZK50
|s P
|